00613nam a2200169Ia 4500008004100000040001800041041000800059100002700067245014600094260003600240300001800276490004200294650002700336650003000363650003400393650001600427130821s1971 sp gr spa  aCo-BoUCMbspa aspa aMerleau-Ponty, Jacques aCosmología del siglo XX Estudio epistemológico e histórico de las teorías de la cosmología contemporáneacJacques Merleau-Ponty. aMadrid (España)bGredosc1971 a660 páginas aBiblioteca Hispánica de Filosofía04aCosmologíaxHistoria04aFilosofía de la ciencia04aFilosofía modernaySiglo XX04aFilosofía